Ο απόηχος του κρητικού αγώνα στην ποίηση των Ελλήνων ρομαντικών
Αποθηκεύτηκε σε:
| Κύριος συγγραφέας: | |
|---|---|
| Μορφή: | Βιβλίο |
| Γλώσσα: | Greek |
| Δημοσίευση: |
[Αθήνα] :
Εταιρεία Σπουδών Νεοελληνικού Πολιτισμου και Γενικής Παιδείας,
1999.
|
| Θέματα: | |
| Ετικέτες: |
Προσθήκη ετικέτας
Δεν υπάρχουν, Καταχωρήστε ετικέτα πρώτοι!
|
MARC
| LEADER | 00000cam a2200000 i 4500 | ||
|---|---|---|---|
| 001 | 1/72982 | ||
| 008 | 080129s1999####gr | ||| |||| ||gre|| | ||
| 035 | |l 10094277 | ||
| 040 | |a GR-MY-UA |b gre |e aacr | ||
| 041 | 0 | |a gre | |
| 082 | 0 | |a 808.80375 |2 (22) | |
| 100 | 1 | |a Αθανασοπούλου, Αφροδίτη. | |
| 245 | 1 | 2 | |a Ο απόηχος του κρητικού αγώνα στην ποίηση των Ελλήνων ρομαντικών |h [ανάτυπο] / |c Αφροδίτη Αθανασοπούλου. |
| 260 | |a [Αθήνα] : |b Εταιρεία Σπουδών Νεοελληνικού Πολιτισμου και Γενικής Παιδείας, |c 1999. | ||
| 300 | |a 22 σ. ; |c 21 εκ. | ||
| 500 | |a Ανάτυπο απο: ο ρομαντισμός στην Ελλάδα, επιστημονικό συμπόσιο 12-13 Νοεμβρίου 1999. | ||
| 650 | 0 | 0 | |a Poets, Greek |x Biography |x History and criticism. |
| 651 | 0 | |a Crete (Greece) |x Folk literature. | |
| 852 | |a INST |b RHODES |e 20080129 |h 808.80375 ΑΘΑ |p 005400030223 |q 005400030223 |t BK |y 0 | ||
| 901 | |a BIBL4-2008-1 | ||
| 909 | |a Ρ |b 128286 | ||
| 970 | |a ΜΙΣΣΟΣ |b ΣΤΑΥΡΟΣ |z 2008-01-29 | ||